00622nam a22001697a 4500003000900000008004100009040007100050082001500121100002400136245002400160260003600184300002800220505015200248650001800400650001200418650002200430AR-CdUCM190328b ||||| |||| 00| 0 spa d aMUNICIPALIDAD PROVINCIAL DEL CUSCOcBIBLIOTECA MUNICIPAL DEL CUSCO a306 /bA29 aAgosti, Héctor P. aNación y cultura/ aBuenos Aires :bProcyon,c1959. a292 páginas ;c19 cm. aContenido: Las definiciones -- La crisis argentina -- EL busca del camino -- Forma y contenido de la cultura -- Verdad y falsedad del nacionalismo. aSociología  aCultura aCiencias sociales